<?xml version="1.0" encoding="UTF-8"?>
<record
    xmlns:xsi="http://www.w3.org/2001/XMLSchema-instance"
    xsi:schemaLocation="http://www.loc.gov/MARC21/slim http://www.loc.gov/standards/marcxml/schema/MARC21slim.xsd"
    xmlns="http://www.loc.gov/MARC21/slim">

  <leader>01876nas a2200277Ia 4500</leader>
  <controlfield tag="001">R050-S3684</controlfield>
  <controlfield tag="003">IT-CnALBA</controlfield>
  <controlfield tag="008">170116c99999999xx ||||||||||||   ||und||</controlfield>
  <datafield tag="040" ind1=" " ind2=" ">
    <subfield code="a">IT-CnALBA</subfield>
    <subfield code="c">IT-CnALBA</subfield>
  </datafield>
  <datafield tag="041" ind1=" " ind2=" ">
    <subfield code="a">ITALIANO</subfield>
  </datafield>
  <datafield tag="100" ind1=" " ind2=" ">
    <subfield code="a">TETI GIOVANNA</subfield>
  </datafield>
  <datafield tag="210" ind1=" " ind2=" ">
    <subfield code="a">VIA VERIT&#xC0; E VITA</subfield>
  </datafield>
  <datafield tag="222" ind1=" " ind2=" ">
    <subfield code="a">VIA VERIT&#xC0; E VITA</subfield>
  </datafield>
  <datafield tag="245" ind1=" " ind2="0">
    <subfield code="a">VIA VERIT&#xC0; E VITA. MARZO APRILE 1998. RIVISTA MONOGRAFICA DI APPROFONDIMENTO PASTORALE CATECHISTICO. </subfield>
  </datafield>
  <datafield tag="250" ind1=" " ind2=" ">
    <subfield code="a">1a ed.</subfield>
  </datafield>
  <datafield tag="260" ind1=" " ind2=" ">
    <subfield code="a"> ROMA</subfield>
    <subfield code="b">CENTRO CATECHISTICO PAOLINO </subfield>
    <subfield code="c">1998 [1&#xB0; Ed.:1998 - Ed.Ling.Originale: 1998]</subfield>
  </datafield>
  <datafield tag="300" ind1=" " ind2=" ">
    <subfield code="a">80 p. </subfield>
  </datafield>
  <datafield tag="310" ind1=" " ind2=" ">
    <subfield code="a">BIMESTRALE</subfield>
  </datafield>
  <datafield tag="362" ind1=" " ind2=" ">
    <subfield code="a">Fascicolo: 167 / Anno: 47 (1998)</subfield>
  </datafield>
  <datafield tag="500" ind1=" " ind2=" ">
    <subfield code="a">CHIESA COMUNIT&#xC0; IN MISSIONE, COMUNIT&#xC0; MISSIONARIA. GIRARDI G. MISSIONE "OLTRE", TORTI R. NELLA BIBBIA. CIBIEN C. COMUNIT&#xC0; DI ANTIOCHIA. SARNATARO C. CHIESA IN MISSIONE. MEDDI C. E LITURGIA. BRODOLONI P. G. ANNUNZIO NECESSARIO E OBBLIGORIPARTENZA DA EMMAUS. LASCONI T. PREADOLESCENTI NELLA VIGAN DEL SIGNORE. FANCIULLI MISSIONARI TRA I COETANI. CATECUMENATO STILE NUOVA EVANGELIZZAZIONE. TESTIMONIANZE PADRI. RILETTURA REDEMPTORIS MISSIO. GARISELLI G. NELL'EPOCA INTERNET. INFORMAZIONE. </subfield>
  </datafield>
  <datafield tag="501" ind1=" " ind2=" ">
    <subfield code="a">Societ&#xE0; San Paolo EM - Piazza San Paolo, 14 - 12051 ALBA (CN)  (non commercial uses only) &#xAE; Copyright 2017</subfield>
  </datafield>
  <datafield tag="520" ind1=" " ind2=" ">
    <subfield code="a">CHIESA COMUNIT&#xC0; IN MISSIONE, COMUNIT&#xC0; MISSIONARIA. GIRARDI G. MISSIONE "OLTRE", TORTI R. NELLA BIBBIA. CIBIEN C. COMUNIT&#xC0; DI ANTIOCHIA. SARNATARO C. CHIESA IN MISSIONE. MEDDI C. E LITURGIA. BRODOLONI P. G. ANNUNZIO NECESSARIO E OBBLIGORIPARTENZA DA EMMAUS. LASCONI T. PREADOLESCENTI NELLA VIGAN DEL SIGNORE. FANCIULLI MISSIONARI TRA I COETANI. CATECUMENATO STILE NUOVA EVANGELIZZAZIONE. TESTIMONIANZE PADRI. RILETTURA REDEMPTORIS MISSIO. GARISELLI G. NELL'EPOCA INTERNET. INFORMAZIONE. </subfield>
  </datafield>
  <datafield tag="650" ind1=" " ind2=" ">
    <subfield code="a">TEOLOGIA PASTORALE - CATECHESI</subfield>
  </datafield>
  <datafield tag="942" ind1=" " ind2=" ">
    <subfield code="c">CR</subfield>
  </datafield>
  <datafield tag="957" ind1=" " ind2=" ">
    <subfield code="7">1</subfield>
  </datafield>
  <datafield tag="999" ind1=" " ind2=" ">
    <subfield code="a">65574</subfield>
    <subfield code="b">NO</subfield>
    <subfield code="g">1</subfield>
    <subfield code="c">332270</subfield>
    <subfield code="d">332270</subfield>
  </datafield>
  <datafield tag="952" ind1=" " ind2=" ">
    <subfield code="0">0</subfield>
    <subfield code="1">0</subfield>
    <subfield code="4">0</subfield>
    <subfield code="6">R_050S3684</subfield>
    <subfield code="7">1</subfield>
    <subfield code="a">ALBA</subfield>
    <subfield code="b">ALBA</subfield>
    <subfield code="d">2017-01-16</subfield>
    <subfield code="l">0</subfield>
    <subfield code="o">R050-S3684</subfield>
    <subfield code="r">2017-01-16 00:00:00</subfield>
    <subfield code="w">2017-01-16</subfield>
    <subfield code="y">CR</subfield>
    <subfield code="z">(data import: 16 gennaio 2017) - By Epidotti, Vaglietti. </subfield>
  </datafield>
</record>
